000 00384nam a22001337a 4500
999 _c115321
_d115321
005 20220113153131.0
008 200101b ||||| |||| 00| 0 eng d
040 _cPK-LaUMT
082 _a346.00264
_bUNC-
245 _aUnclassified cases [UC, Vol. XIII, 1992]
_cedited by M. Farani. . .[et al.]
260 _aLahore:
_bNational Law Reporter,
_c1992
300 _a800 p.
942 _cLPJ